Gravity (Record no. 19566)

MARC details
000 -LEADER
fixed length control field 00323nam a2200145Ia 4500
003 - CONTROL NUMBER IDENTIFIER
control field IN-BaIIA
008 - FIXED-LENGTH DATA ELEMENTS--GENERAL INFORMATION
fixed length control field 211028s9999 xx 000 0 eng d
040 ## - CATALOGING SOURCE
Transcribing agency IIA Library
080 ## - UNIVERSAL DECIMAL CLASSIFICATION NUMBER
Universal Decimal Classification number 531.5
Item number SIN
100 ## - MAIN ENTRY--PERSONAL NAME
Personal name Sinha, T. A. K
9 (RLIN) 37416
245 #0 - TITLE STATEMENT
Title Gravity
Statement of responsibility, etc. T. A. K Sinha
260 ## - PUBLICATION, DISTRIBUTION, ETC.
Date of publication, distribution, etc. 2020
300 ## - PHYSICAL DESCRIPTION
Extent 292p.
942 ## - ADDED ENTRY ELEMENTS (KOHA)
Koha item type Books
Holdings
Withdrawn status Lost status Damaged status Not for loan Home library Current library Shelving location Date acquired Total Checkouts Full call number Barcode Date last seen Price effective from Koha item type
        IIA Library-Bangalore IIA Library-Bangalore General Stacks 24/09/2021   531.5/ SIN 20488 05/11/2021 24/09/2021 Books

Powered by Koha